| 000 | 00424nam a22001697a 4500 | ||
|---|---|---|---|
| 003 | MPLRDC | ||
| 005 | 20220104142356.0 | ||
| 008 | 210129b ||||| |||| 00| 0 eng d | ||
| 082 | _a563.73 FDW | ||
| 100 | _a班. 费德文 | ||
| 245 |
_a寿险推销精华 _c |
||
| 260 |
_a _b雅迪贸易有限公司 _c |
||
| 300 | _b平 | ||
| 490 | _a企业实战丛书. 4 | ||
| 650 | _a保险--人寿保险 | ||
| 942 |
_cBK _o563.73 FDW |
||
| 999 |
_c30342 _d30332 |
||